00450nam a2200193Ia 4500003000900000008004100009040001300050040001300063041000800076100002200084245006000106250000900166260001800175260000900193300001100202300001200213490002500225490000600250IT-RoPAU120407s9999 xx 000 0 und d aIT-RoPAU cIT-RoPAU aita aGregorio di Nissa aL’uomo. trad. introd. e note a cura di Bruno Salmona. aRoma aCittà Nuova c1982 a143 p. c20,5 cm aTesti patristici, 32 v1